| Tag |
First Indicator |
Second Indicator |
Subfields |
| LEADER |
00000nam a2200000 i 4500 |
| 001 |
in00004087613 |
| 005 |
20191030142235.0 |
| 006 |
m o d f |
| 007 |
cr mn||||||||| |
| 008 |
190830s2017 mdua o f000 0 eng c |
| 035 |
|
|
|a (OCoLC)on1114603683
|
| 042 |
|
|
|a pcc
|
| 043 |
|
|
|a n-us---
|
| 040 |
|
|
|a GPO
|b eng
|e rda
|e pn
|c GPO
|d MvI
|
| 049 |
|
|
|a WWW
|
| 074 |
|
|
|a 0520-F-14 (online)
|
| 086 |
0 |
|
|a HS 5.221/2:R 31
|
| 245 |
0 |
0 |
|a Restaurant fires (2011-2013).
|
| 264 |
|
1 |
|a Emmitsburg, MD :
|b U.S. Fire Administration,
|c [2017?]
|
| 300 |
|
|
|a 1 online resource :
|b color illustrations.
|
| 336 |
|
|
|a text
|b txt
|2 rdacontent
|
| 337 |
|
|
|a computer
|b c
|2 rdamedia
|
| 338 |
|
|
|a online resource
|b cr
|2 rdacarrier
|
| 490 |
1 |
|
|a Data snapshot
|
| 500 |
|
|
|a "Page last reviewed: June 1, 2017."
|
| 588 |
|
|
|a Description based on online resource; title from HTML caption (USFA website, viewed Aug. 30, 2019).
|
| 650 |
|
0 |
|a Fires
|z United States
|v Statistics.
|
| 650 |
|
0 |
|a Restaurants
|x Fires and fire prevention
|z United States
|v Statistics.
|
| 655 |
|
7 |
|a Statistics.
|2 lcgft
|
| 710 |
2 |
|
|a United States Fire Administration,
|e issuing body.
|
| 710 |
2 |
|
|a National Fire Incident Reporting System (U.S.)
|
| 830 |
|
0 |
|a Data snapshot (United States Fire Administration)
|
| 856 |
4 |
0 |
|u https://purl.fdlp.gov/GPO/gpo125080
|t 0
|
| 999 |
f |
f |
|s 36ae1f03-f106-3076-92c4-cf6edbe03b6a
|i 90dcceea-325b-3734-aa03-d769e88df496
|t 0
|
| 952 |
f |
f |
|a Texas A&M University
|b College Station
|c Electronic Resources
|d Available Online
|t 0
|e HS 5.221/2:R 31
|h Superintendent of Documents classification
|
| 998 |
f |
f |
|a HS 5.221/2:R 31
|t 0
|l Available Online
|